Stolice #1 - Australia i Oceania - Statystyki

Ogólne statystyki
  • Ten quiz został rozwiązany 472 razy
  • Średni wynik to 6 z 14
Statystyki odpowiedzi
Hint Odpowiedź % Poprawnych
Australia Canberra
93%
Nowa Zelandia Wellington
68%
Fidżi Suva
66%
Papua-Nowa Gwinea Port Moresby
46%
Nauru Yaren
44%
Mikronezja Palikir
42%
Wyspy Salomona Honiara
39%
Samoa Apia
34%
Kiribati Bairiki
29%
Vanuatu Port Vila
29%
Palau Ngerulmud
26%
Tonga Nuku'alofa
26%
Wyspy Marshalla Majuro
22%
Tuvalu Vaiaku
12%
Nie znaleziono quizów pasujących do podanych kryteriów
Rozkład punktacji
Procent ludzi z każdym wynikiem
Percentyl według liczby udzielonych odpowiedzi
Twoja historia wyników
Nie rozwiązałeś tego quizu